00518nam a2200193 a 4500001001300000003000900013005001700022008004100039020001100080082001600091100001900107245008100126260002600207300000900233500003500242505001000277650001800287700001900305nice12345678IN_TiNIC20260116012828.0050524s1961 lona grp 000 0 eng  ac20.400a270.82bNEI aNeill, Stephen aTwentieth Century Christianityb Survey of Modern Religious Trends By Leadin aLondonbCollinsc1961 a448p aincludes index and biblioraphy2 aIndex aEcumenicalism1 aNeill, Stephen